Missing Word: Fun with Dick & Jane Quiz Stats

 Plays Quiz not verified by Sporcle

Challenge
Share
Tweet
Embed
Score 0/20 Timer 05:00
1 Play Today
Title Answer % Correct
Dick Van DykeBang
98.8%
Dick Van DykeMary
97.5%
Dick Van DykeGeorge
92.6%
Jane RussellBlondes
90.1%
Philip K. Dick (Writer)Recall
88.9%
Jane Fonda9
88.9%
Philip K. Dick (Writer)Blade
82.7%
Philip K. Dick (Writer)Minority
82.7%
Dick Van DykeMuseum
81.5%
Jane FondaShoot
77.8%
Title Answer % Correct
Jane FondaFathers
72.8%
Dick Van DykeAmerican
69.1%
Philip K. Dick (Writer)Adjustment
65.4%
Jane FondaBallou
51.9%
Jane RussellBrunettes
43.2%
Jane FondaBarefoot
40.7%
Jane RussellSon
30.9%
Jane RussellDynamite
12.3%
Philip K. Dick (Writer)Dream
6.2%
Jane RussellWoman
6.2%

You're not logged in!

Compare scores with friends on all Sporcle quizzes.
OR
Log In

You Might Also Like...

Show Comments

Extras

Top Quizzes Today


Score Distribution

Your Account Isn't Verified!

In order to create a playlist on Sporcle, you need to verify the email address you used during registration. Go to your Sporcle Settings to finish the process.

Report this User

Report this user for behavior that violates our Community Guidelines.

Details: